| 000 | 00517nam a22001697a 4500 | ||
|---|---|---|---|
| 005 | 20240712111340.0 | ||
| 008 | 240712b |||||||| |||| 00| 0 eng d | ||
| 020 | _a9780471333630 | ||
| 082 |
_a658.0557 _bKAM-A |
||
| 100 | _akampman, Kevin | ||
| 245 |
_aAll About Network Directories: _bUnderstanding Directory Services and Business Applications / _cChristina Kampman |
||
| 260 |
_aIndia: _bWiley; _c2000. |
||
| 300 |
_a249 p. : _bill; _c23 cm. |
||
| 500 | _ainclude index. | ||
| 650 | _aNetworking | ||
| 999 |
_c36110 _d36110 |
||